000 00669nam a2200265Ia 4500
003 OSt
005 20221005083811.0
006 a|||||r|||| 00| 0
007 ta
008 221004b |||||||| |||| 00| 0 eng d
024 _a61875
037 _cTextual
040 _aCRL
_cCRL
_beng
041 _2eng
_aeng
082 _aS:7, M5
100 _aHall Calvin S
245 0 _aTheories of personality
250 _a3rd
260 _aNew Delhi
_bWiely Eastern India
_c1985
300 _a724p.
_ccm.
650 _aPSYCHOLOGY
700 _a Lindzey Gardner
942 _hS:7, M5
_cTEXL
_2cc
999 _c991559
_d991559